Giáo trình lí luận dạy học địa lí Phần cụ thể

Những vấn đề chung về mục tiêu, nội dung chương trình, phương pháp dạy học địa lí ở trung học cơ sở. Hướng dẫn phương pháp dạy học địa lí từ lớp 6 cho đến lớp 9

সংরক্ষণ করুন:
গ্রন্থ-পঞ্জীর বিবরন
প্রধান লেখক: Đặng Văn Đức
অন্যান্য লেখক: Mai Hà Phương, Nguyễn Thu Hằng
বিন্যাস: গ্রন্থ
ভাষা:Vietnamese
প্রকাশিত: H. Đại học Sư phạm 2008
সংস্করন:In lần thứ 2
বিষয়গুলি:
ট্যাগগুলো: ট্যাগ যুক্ত করুন
কোনো ট্যাগ নেই, প্রথমজন হিসাবে ট্যাগ করুন!
Thư viện lưu trữ: Mạng thư viện Đại học Đà Nẵng
LEADER 01957nam a2200421 4500
001 000025222
003 21715
005 20170601100646.0
008 170601s2008 viesd
020 |c 32000 
041 0 |a vie 
082 1 4 |a 910.71  |b ĐĂ-Đ 
100 1 |a Đặng Văn Đức 
245 1 0 |a Giáo trình lí luận dạy học địa lí  |b Phần cụ thể  |c Đặng Văn Đức chủ biên; Nguyễn Thu Hằng, Mai Hà Phương 
246 |a Giáo trình lý luận dạy học địa lý 
250 |a In lần thứ 2 
260 |a H.  |b Đại học Sư phạm  |c 2008 
300 |a 188 tr.  |b hình ảnh, bản đồ  |c 24 cm. 
500 |a Đầu bìa sách ghi: Bộ Giáo dục và Đào tạo. Dự án Đào tạo Giáo viên THCS 
520 3 |a Những vấn đề chung về mục tiêu, nội dung chương trình, phương pháp dạy học địa lí ở trung học cơ sở. Hướng dẫn phương pháp dạy học địa lí từ lớp 6 cho đến lớp 9 
650 0 4 |a Địa lý  |v Giáo trình  |x Dạy và học 
653 |a Dạy học 
653 |a Phương pháp giảng dạy 
653 |a Giáo trình 
700 1 |a Mai Hà Phương 
700 1 |a Nguyễn Thu Hằng 
OWN |a LSP 
AVA |a UDN50  |b LSP  |d 910.71 ĐĂ-Đ  |e available  |t Error 5001 Not defined in file expand_doc_bib_avail.  |f 5  |g 0  |h N  |i 0  |k 1 
AVA |a UDN50  |b LSP  |c References  |d 910.71 ĐĂ-Đ  |e available  |t Error 5001 Not defined in file expand_doc_bib_avail.  |f 1  |g 0  |h N  |i 0  |j TK  |k 1 
999 |a From the UDN01 
AVA |a UDN50  |b LSP  |d 910.71 ĐĂ-Đ  |e available  |t Error 5001 Not defined in file expand_doc_bib_avail.  |f 5  |g 0  |h N  |i 0  |k 1 
AVA |a UDN50  |b LSP  |c References  |d 910.71 ĐĂ-Đ  |e available  |t Error 5001 Not defined in file expand_doc_bib_avail.  |f 1  |g 0  |h N  |i 0  |j TK  |k 1 
TYP |a Monograph 
TYP |a Printed language 
980 |a Mạng thư viện Đại học Đà Nẵng